Váh Waterway and its Importance for the Slovak Economy, Respecting the Concept of Circular Economy

Z makroekonomického hľadiska je Slovenská republika krajinou závislou od dovozu surovín a vývozu polotovarov a priemyselno-poľnohospodárskych výrobkov. Je preto v životnom záujme Slovenska budovanie vlastnej dopravnej infraštruktúry a zároveň hľadanie a budovanie čo najoptimálnejších dopravných spoj...

Description complète

Enregistré dans:
Détails bibliographiques
Auteur principal: Kubica, Milan, 1958-
Autres auteurs: Bereš, Ján
Format: Chapitre de livre
Langue:anglais
Sujets:
Tags: Ajouter un tag
Pas de tags, Soyez le premier à ajouter un tag!

MARC

LEADER 00000naa$a2200000$$$4500
001 0305028
005 20241113101019.5
041 0 |a eng 
044 |a SK 
245 1 0 |a Váh Waterway and its Importance for the Slovak Economy, Respecting the Concept of Circular Economy  |c Milan Kubica, Ján Bereš 
520 |a Z makroekonomického hľadiska je Slovenská republika krajinou závislou od dovozu surovín a vývozu polotovarov a priemyselno-poľnohospodárskych výrobkov. Je preto v životnom záujme Slovenska budovanie vlastnej dopravnej infraštruktúry a zároveň hľadanie a budovanie čo najoptimálnejších dopravných spojení so susednými krajinami. Výsledkom týchto snáh by malo byť zapojenie Slovenska do maximálneho počtu hlavných dopravných koridorov. Vážska vodná cesta okrem toho, že predstavuje ekologicky najčistejšiu dopravu, dáva a výrazne posilňuje možnosť napojenia na štyri z deviatich koridorov, ktoré prechádzajú územím Slovenska. Oblasti vplyvu projektu Vážskej vodnej cesty na ekonomiku SR, ktorý rešpektuje aj novozavedený trend rešpektovania princípov obehového hospodárstva. 
610 2 0 |a cesty vodné 
610 2 0 |a rieky 
610 2 0 |a infraštruktúra dopravná 
610 2 0 |a hospodárstvo obehové 
610 2 0 |a ekonomika 
610 2 0 |a hospodárstvo 
610 2 0 |a Slovensko 
100 1 |a Kubica, Milan, 1958- 
700 1 |a Bereš, Ján